01288nam a22003254a 4500001001100000003000800011006001900019007001500038008004100053010001700094020001800111020002200129040002100151035002100172050002700193082001800220100002600238245012100264260006200385300001900447504006600466533015200532650003800684650003800722650001800760655002900778710001700807856012500824999001300949ebr5004019CaPaEBRm u cr cn|||||||||001027s2001 enka sb 001 0 eng  z 00053091  z9781846422201 z1853028045 (pbk.) aCaPaEBRcCaPaEBR a(OCoLC)22804005114aRC489.R46bS953 2001eb04a616.89/142211 aSwinton, John,d1957-10aSpirituality and mental health careh[electronic resource] :brediscovering a 'forgotten' dimension /cJohn Swinton. aLondon ;aPhiladelphia :bJ. Kingsley Publishers,cc2001. a221 p. :bill. aIncludes bibliographical references (p. 191-210) and indexes. aElectronic reproduction.bPalo Alto, Calif. :cebrary,d2013.nAvailable via World Wide Web.nAccess may be limited to ebrary affiliated libraries. 0aMental healthxReligious aspects. 0aPsychotherapyxReligious aspects. 0aSpirituality. 7aElectronic books.2local2 aebrary, Inc.40uhttp://site.ebrary.com/lib/rucke/Doc?id=5004019zAn electronic book accessible through the World Wide Web; click to view c702d702